[Event "THA-chT"]
[Site "Bangkok"]
[Date "2015.12.12"]
[Round "7.1"]
[White "Phumphuang, Natthaphat"]
[Black "Suwanvaree, Porawee"]
[Result "1-0"]
[WhiteElo "1499"]
[BlackElo "1607"]
[PlyCount "85"]
[EventDate "2015.12.04"]
[EventType "team-swiss"]
[EventRounds "9"]
[EventCountry "THA"]
[SourceTitle "CBM 170 Extra"]
[Source "ChessBase"]
[SourceDate "2016.02.25"]
[SourceVersion "1"]
[SourceVersionDate "2016.02.25"]
[SourceQuality "1"]
[WhiteTeam "Strong Team"]
[BlackTeam "KUS Warriors"]
[WhiteTeamCountry "THA"]
[BlackTeamCountry "THA"]

1. d4 Nf6 2. c4 e5 3. Nc3 exd4 4. Qxd4 Nc6 5. Qd1 Bb4 6. Bd2 d6 7. a3 Bxc3 8. Bxc3 Bf5 9. Qb3 Rb8 10. Nf3 0-0 11. Nd2 d5 12. Bxf6 Qxf6 13. e3 Rfe8 14. Be2 d4 15. 0-0 dxe3 16. fxe3 Qg6 17. Bf3 Ne5 18. Qb5 Bh3 19. Rf2 Nd3 20. Bh5 Qc6 21. Qxc6 bxc6 22. Bxf7+ Kh8 23. Bxe8 Nxf2 24. Kxf2 Rxb2 25. Ke2 Bxg2 26. Rb1 Rb6 27. Rxb6 cxb6 28. Kf2 Bh3 29. Bxc6 Kg8 30. Ne4 Kf8 31. Nd6 Be6 32. Bd5 Bd7 33. e4 Ke7 34. Nf5+ Bxf5 35. exf5 Kf6 36. Ke3 Ke5 37. Be4 h6 38. h3 Kd6 39. Kd4 a6 40. a4 a5 41. h4 Ke7 42. c5 bxc5+ 43. Kxc5 1-0